Language Quiz

Random Language or German Quiz
Score 0/53 Timer 10:00
0 Plays Today
Hint Answer % Correct
sagengesagt
91.9%
habengehabt
83.7%
fahrengefahren
76.7%
lesengelesen
75.6%
kommengekommen
73.3%
kommengekommen
73.3%
studierenstudiert
70.9%
spielengespielt
70.9%
antwortengeantwortet
69.8%
gehengegangen
68.6%
kaufengekauft
65.1%
reservierenreserviert
64%
nehmengenommen
64%
gebengegeben
64%
haltengehalten
64%
laufengelaufen
64%
holengeholt
61.6%
lassengelassen
60.5%
bringengebracht
58.1%
denkengedacht
57%
kennengekannt
57%
glaubengeglaubt
57%
singengesungen
55.8%
interessiereninteressiert
54.7%
handelngehandelt
53.5%
kletterngeklettert
53.5%
konjunktiv (type yes)yes
52.7%
Hint Answer % Correct
gewinnengewonnen
52.3%
brennengebrannt
48.8%
rennengerannt
48.8%
könnengekonnt
48.8%
nennengenannt
47.7%
seingewesen
45.3%
kauengekaut
44.2%
gehörengehört
43%
hörengehört
43%
habenhatte
40.5%
werdengeworden
38.4%
könnenko:nnte
36.5%
sollensollte
36.5%
bittengebeten
34.9%
klingengeklungen
34.9%
mögenmo:chte
33.8%
müssenmu:sste
33.8%
wollenwollte
33.8%
kämmengekämmt
32.6%
gehenginge
32.4%
führengeführt
31.4%
seinwa:re
31.1%
dürfendu:rfte
31.1%
werdenwu:rde
31.1%
geltengegolten
27.9%
heissengeheißen
18.6%
Remove Ads.
Support Sporcle.
Get the best of Sporcle when you Go Orange. This ad-free experience offers more features, more stats, and more fun while also helping to support Sporcle. Thank you for becoming a member.

You're not logged in!

Compare scores with friends on all Sporcle quizzes.
OR
Log In

Show Comments

Extras

Created Oct 17, 2013ReportNominate
Tags:German Quiz, common, past, Perfect, Verb

Top Quizzes Today


Score Distribution

Your Account Isn't Verified!

In order to create a playlist on Sporcle, you need to verify the email address you used during registration. Go to your Sporcle Settings to finish the process.

Report this User

Report this user for behavior that violates our Community Guidelines.

Details: